00622nam a2200157 a 450000100100000000500170001000800410002704000250006824500530009326000710014630000200021771000960023704900090033395201050034299900170044700003525220210826125354.0111026s2008 dr 000 0 spa d aDO-SdBNPbspacBNPHU00aPrograma :bvigésima graduación ordinaria /. aSantiago de los Caballeros, República Dominicana :bUAPA,c2008. a27 p. ;c22 cm.2 aUniversidad Abierta para Adultos (Santiago de los Caballeros, Republica Dominicana)971401 aBNPD 0010718PDaPDbPDcHDd2011-10-26iLF1l0o p35252-10r2020-06-25w2020-06-25yLFPDZNo se presta c34743d34743